Choose the right animal - Statistics

General Stats
  • This quiz has been taken 73 times
    69 since last reset
  • The average score is 11 of 15
Answer Stats
Question Answer % Correct
Choose the deer
97%
Choose the bee
95%
Choose the toad
90%
Choose the sea lion
90%
Choose the porcupine
88%
Choose the pangolin
83%
Choose the seagull
83%
Choose the hamster
78%
Choose the leopard
76%
Choose the grasshopper
71%
Choose the falcon
69%
Choose the wild boar
67%
Choose the alpaca
67%
Choose the aligator
47%
Choose the yak
36%
No matching quizzes found
Score Distribution
Percent of People with Each Score
Percentile by Number Answered
Your Score History
You have not taken this quiz since the last reset